Nelly Furtado's UK Singles Chart History - Statistics

General Stats
  • This quiz has been taken 5 times
  • The average score is 8 of 16
Answer Stats
Peak Position Song Weeks On Chart Debut Date % Correct
#10 Say It Right 37 Feb 10th 2007
100%
#4 All Good Things (Come to an End) 23 Dec 2nd 2006
80%
#1 Give It To Me 36 Mar 24th 2007
80%
#5 I'm Like A Bird 17 Mar 10th 2001
80%
#1 Maneater 27 Jun 10th 2006
80%
#3 Promiscuous 23 Sep 9th 2006
80%
#4 Turn Off The Light 11 Sep 1st 2001
80%
#15 Try 7 Mar 27th 2004
60%
#14 Big Hoops (Bigger The Better) 5 Jun 16th 2012
40%
#75 Do It 4 Nov 10th 2007
40%
#21 Jump 10 Aug 1st 2009
20%
#18 On The Radio (Remember The Days) 7 Jan 19th 2002
20%
#13 Powerless (Say What You Want) 10 Dec 20th 2003
20%
#40 Forca 3 Jul 24th 2004
0%
#49 Hot-N-Fun 2 Sep 11th 2010
0%
#95 Who Wants To Be Alone 1 Apr 3rd 2010
0%
No matching quizzes found
Score Distribution
Percent of People with Each Score
Percentile by Number Answered
Your Score History
You have not taken this quiz